Opera
Uloženo v:
| Hlavní autor: | |
|---|---|
| Médium: | Kniha |
| Jazyk: | angličtina |
| Vydáno: |
Londres
Ernest Benn Limited
1948
|
| Vydání: | 2a. ed |
| Témata: | |
| Tagy: |
Přidat tag
Žádné tagy, Buďte první, kdo vytvoří štítek k tomuto záznamu!
|
MARC
| LEADER | 00000cam a2200000 a 4500 | ||
|---|---|---|---|
| 001 | UCF8624 | ||
| 003 | CL-VaPUC | ||
| 008 | 130930e19480000uk |||||||||||||||||eng|d | ||
| 082 | 0 | 4 | |a 782.1094 |b CAM |2 21 |
| 100 | 0 | |a Capell, Richard |e author |9 570738 | |
| 245 | 1 | 0 | |a Opera |
| 250 | |a 2a. ed | ||
| 300 | |a 132 p | ||
| 942 | |c BK | ||
| 945 | |d 20130930 13:19:00 |a dcastane | ||
| 260 | |a Londres |b Ernest Benn Limited |c 1948 | ||
| 650 | 7 | |a OPERA |2 CL-VaPUC |9 570739 | |
| 650 | 0 | |a Historia de la ópera |9 526641 | |
| 583 | |a last modification |c 20130930 13:19:00 |k Rodrigo Vera | ||
| 999 | |c 353191 |d 353189 | ||
| 952 | |0 0 |1 0 |3 erd |4 0 |6 782_109400000000000_CAM_1948 |7 0 |8 R |9 458270 |a BIBEDU |b BIBEDU |d 2019-11-23 |i 5002400 |o 782.1094 CAM 1948 |p 5002400 |r 2023-01-12 |w 2019-11-23 |y BK_R |z Catalogado en:20130930 |k MUS | ||